[Event "CZE Moravia-ch"]
[Site "Prerov"]
[Date "1995.??.??"]
[Round "5"]
[White "Koutsin, Sergey"]
[Black "Karlik, Vladimir"]
[Result "1/2-1/2"]
[WhiteElo "2455"]
[BlackElo "2240"]

1.d4 Nf6 2.c4 g6 3.Nc3 Bg7 4.e4 d6 5.Nf3 O-O 6.Be2 e5 7.O-O Na6 8.Be3 Ng4
9.Bg5 Qe8 10.d5 h6 11.Bh4 f5 12.Nd2 Nf6 13.Bxf6 Bxf6 14.a3 c5 15.dxc6 bxc6
16.b4 Nc7 17.Nb3 Qe7 18.c5 Rd8 19.cxd6 Rxd6 20.Bc4+ Kg7 21.Qe2 Ne6 22.Bxe6 Bxe6
23.Nc5 Rad8 24.Nxe6+ Qxe6 25.Na4 f4 26.Nc5 Qc8 27.Rad1 Be7 28.Rxd6 Rxd6 29.Rc1 Rf6
30.Qf3 Bxc5 31.Rxc5 Qe8 32.h3 Rd6 33.Qc3 Kf6 34.Ra5 Qe7 35.Kh2 Re6 36.Ra6 Qb7
37.Ra5 Qb6 38.Rc5 Qa6 39.Qd2 Ke7 40.Qc3 Kf6 41.Qd2 Ke7 42.a4 Qb6 43.Qc3 Kf6
44.Qc4 Qb7 45.g3 fxg3+ 46.Kxg3 Qd7 47.Kg2 h5 48.Ra5 Qe7 49.Ra6 Qd7  1/2-1/2

[Event "CZE Moravia-ch"]
[Site "Prerov"]
[Date "1995.??.??"]
[Round "6"]
[White "Klima, Lukas"]
[Black "Majer, Jiri"]
[Result "1-0"]
[WhiteElo "2235"]
[BlackElo "2300"]

1.d4 Nf6 2.c4 g6 3.Nc3 Bg7 4.e4 d6 5.Nf3 O-O 6.Be2 e5 7.dxe5 dxe5 8.Qxd8 Rxd8
9.Bg5 c6 10.Nxe5 Re8 11.Rd1 Na6 12.Nf3 Nc5 13.Nd2 h6 14.Be3 Ncxe4 15.Ncxe4 Nxe4
16.Nxe4 Rxe4 17.Rd8+ Kh7 18.Rd2 Re8 19.O-O Bf5 20.Rfd1 Bf6 21.h3 Kg7 22.Bg4 Bxg4
23.hxg4 b6 24.b3 Rad8 25.Kf1 Rxd2 26.Rxd2 Rd8 27.Rxd8 Bxd8 28.Ke2 g5 29.a4 Kg6
30.Kd3 f5 31.f3 Bc7 32.gxf5+ Kxf5 33.g4+ Ke5 34.Bg1 Bd6 35.Bd4+ Kf4 36.Ke2 Be5
37.Be3+ Kg3 38.a5 c5 39.a6 Bc3 40.Bc1 Bd4 41.Bd2 Bg7 42.Ke3 Bf6 43.b4 Bd4+
44.Ke4 Kf2 45.bxc5 Bxc5 46.Bc3  1-0

[Event "CRO-Cup"]
[Site "Pula"]
[Date "1995.??.??"]
[Round "3"]
[White "Lalic, Bogdan"]
[Black "Orak, Ljubomir"]
[Result "1-0"]
[WhiteElo "2590"]
[BlackElo "2285"]

1.d4 Nf6 2.c4 g6 3.Nc3 Bg7 4.e4 d6 5.Nf3 O-O 6.Be2 e5 7.O-O Nbd7 8.Qc2 h6
9.Rd1 Nh7 10.Rb1 Ng5 11.Nxg5 hxg5 12.d5 f5 13.b4 a5 14.a3 g4 15.c5 axb4 16.axb4 dxc5
17.Nb5 Nf6 18.d6 Nxe4 19.Nxc7 Rb8 20.bxc5 Bd7 21.Bxg4 Ng5 22.Nd5 Ne6 23.Ne7+  1-0

[Event "ISL-ch"]
[Site "Reykjavik"]
[Date "1995.??.??"]
[Round "1"]
[White "Jonasson, Benedikt"]
[Black "Edvardsson, Kristjan"]
[Result "1-0"]
[WhiteElo "2300"]
[BlackElo "2210"]

1.Nf3 Nf6 2.d4 g6 3.c4 Bg7 4.Nc3 O-O 5.e4 d6 6.Be2 e5 7.dxe5 dxe5 8.Qxd8 Rxd8
9.Nd5 Nxd5 10.cxd5 c6 11.Bc4 h6 12.Be3 b6 13.O-O-O Bb7 14.dxc6 Nxc6 15.Bd5 Na5
16.Bxb7 Nxb7 17.Kb1 Nd6 18.Nd2 Nb5 19.Nc4 Nd4 20.Rd3 Rac8 21.b3 Ne2 22.Rxd8+ Rxd8
23.Kc2 Kf8 24.a4 Ke7 25.Re1 Nd4+ 26.Bxd4 exd4 27.Kd3 Ke6 28.f4 h5 29.Re2 Bf8
30.Rc2 Bb4 31.Ne5 Bc3 32.Nc6 Rd7 33.b4 f6 34.b5 Kf7 35.Re2 Ke6 36.g3 Kf7
37.e5 Ke6 38.h3 f5 39.Rg2 Ba1 40.Rg1 Bb2 41.Rg2 Bc3 42.Kc4 Rc7 43.Kd3 Rd7
44.g4 hxg4 45.hxg4 Rh7 46.Nxd4+ Bxd4 47.Kxd4 Rh1 48.gxf5+ Kxf5 49.Kd5 Rd1+
50.Kc6 Ra1 51.Re2 Ke6 52.Re4 Rd1 53.Kb7 Rd7+ 54.Kb8 Kf5 55.Rc4 Re7 56.Rc7 Re8+
57.Rc8 Re7 58.Rc7 Re8+ 59.Kxa7 Kxf4 60.Kxb6 Rxe5 61.a5  1-0

[Event "ISL-ch"]
[Site "Reykjavik"]
[Date "1995.??.??"]
[Round "5"]
[White "Hjartarson, Johann"]
[Black "Edvardsson, Kristjan"]
[Result "1-0"]
[WhiteElo "2570"]
[BlackElo "2210"]

1.c4 Nf6 2.Nc3 g6 3.e4 d6 4.d4 Bg7 5.Nf3 O-O 6.Be2 e5 7.O-O exd4 8.Nxd4 Re8
9.f3 Nh5 10.f4 c5 11.Nc2 Nf6 12.Bf3 Nc6 13.Be3 Be6 14.Qd3 Qb6 15.b3 Rad8
16.Rae1 a6 17.Kh1 Qa5 18.Bd2 Qb6 19.Ne3 Qa7 20.g4 Nd4 21.f5 Bc8 22.Bg2 Nd7
23.Ned5 b5 24.Qg3 bxc4 25.bxc4 Ne5 26.Bg5 Nxc4 27.Qh4 f6 28.fxg6 hxg6 29.Nxf6+  1-0

[Event "Riga op"]
[Site "Riga"]
[Date "1995.??.??"]
[Round "?"]
[White "Krivonosov, Oleg"]
[Black "Tunik, Gennady"]
[Result "1-0"]
[WhiteElo "2415"]
[BlackElo "2530"]

1.Nf3 g6 2.d4 Bg7 3.c4 d6 4.Nc3 Nd7 5.e4 e5 6.Be2 Ngf6 7.O-O O-O 8.Re1 h6
9.Qc2 Re8 10.Bf1 exd4 11.Nxd4 Nc5 12.Nb3 Ne6 13.f3 a5 14.a4 c6 15.Be3 Qc7
16.c5 Nxc5 17.Nxc5 dxc5 18.Bxc5 Be6 19.Rad1 Rad8 20.Ne2 Rxd1 21.Rxd1 Rd8
22.Rxd8+ Qxd8 23.Nf4 Bc8 24.Bc4 Bf8 25.Be3 g5 26.Ng6 Bb4 27.Ne5 Be6 28.Bxe6 fxe6
29.Nd3 Bf8 30.Qb3 Qd7 31.h3 b5 32.Qc2 bxa4 33.Ne5 Qc7 34.Nxc6 Qg3 35.Bf2 Qf4
36.Qc4 Qd6 37.Qxa4 Nh5 38.Qc2 Nf4 39.Nxa5 Qa6 40.Nc4 Qa1+ 41.Kh2 Qf1 42.Ne3 Qb5
43.Bg3 Nh5 44.Qc8 Kf7 45.Qc7+ Kg6 46.Qb8 Qxb8 47.Bxb8 Nf6 48.Nc4 Bc5 49.Bd6 Ba7
50.b4 Kh7 51.b5 Nd7 52.Ne5 Nf6 53.Bc7  1-0

[Event "Andalucia-ch"]
[Site "Rincon de La Victoria"]
[Date "1995.??.??"]
[Round "4"]
[White "Borrego, Enrique"]
[Black "Munoz Moreno, Francisco Javier"]
[Result "0-1"]
[WhiteElo "2025"]
[BlackElo "2320"]

1.d4 Nf6 2.Nf3 g6 3.c4 Bg7 4.Nc3 O-O 5.e4 d6 6.Be2 e5 7.dxe5 dxe5 8.Qxd8 Rxd8
9.Bg5 Nbd7 10.O-O-O Rf8 11.h3 c6 12.Rd2 Nc5 13.Bd3 Be6 14.b3 Nxd3+ 15.Rxd3 Nd7
16.Ne1 a6 17.Nc2 Rfc8 18.Na4 b5 19.Rxd7 bxa4 20.Rd3 a5 21.c5 Rcb8 22.bxa4 Bxa2
23.Kd2 f6 24.Be3 f5 25.f3 fxe4 26.fxe4 Bb3 27.Ra1 Bf8 28.Ra3 Bxc2 29.Kxc2 Rb4
30.Rdb3 Rxe4 31.Rb6 Rxe3 32.Rxe3 Bxc5 33.Reb3 Bxb6 34.Rxb6 Rd8 35.Rxc6 Rd4
36.Rc5 Rxa4 37.Kb3 Re4 38.Rxa5 Re2 39.g4 Kg7 40.Kc3 Re3+ 41.Kd2 Rxh3 42.Rxe5 Kf6
43.Re4 Kg5 44.Ke2 Rg3 45.Kf2 Rxg4  0-1

[Event "DEN-ch"]
[Site "Ringsted"]
[Date "1995.??.??"]
[Round "6"]
[White "Kjeldsen, Jens"]
[Black "Berg, Klaus"]
[Result "1/2-1/2"]
[WhiteElo "2410"]
[BlackElo "2420"]

1.d4 Nf6 2.Nf3 d6 3.c4 g6 4.Nc3 Bg7 5.e4 O-O 6.Be2 Na6 7.O-O e5 8.Be3 Ng4
9.Bg5 Qe8 10.h3 h6 11.Bc1 Nf6 12.dxe5 dxe5 13.Be3 Nh5 14.c5 Nf4 15.Bxa6 bxa6
16.Qd2 Rb8 17.Rab1  1/2-1/2

[Event "ROM-chT"]
[Site "ROM"]
[Date "1995.??.??"]
[Round "?"]
[White "Dragomirescu, Calin"]
[Black "Iordachescu, Viorel"]
[Result "1/2-1/2"]
[WhiteElo "2225"]
[BlackElo "2425"]

1.d4 Nf6 2.Nf3 g6 3.c4 Bg7 4.Nc3 O-O 5.e4 d6 6.Be2 e5 7.dxe5 dxe5 8.Qxd8 Rxd8
9.Bg5 Rf8 10.Nxe5 Nxe4 11.Nxe4 Bxe5 12.O-O-O Nc6 13.f4 Bd4 14.Bf3 Be6 15.Nf6+ Bxf6
16.Bxf6 Bxc4 17.b3 Be6 18.g4 Rfe8 19.Rhg1 Kf8 20.Rg3 a5 21.h3 Kg8 22.f5 Bc8
23.Bd5 gxf5 24.gxf5+  1/2-1/2

[Event "Rostov on Don (Women)"]
[Site "Rostov"]
[Date "1995.??.??"]
[Round "7"]
[White "Alexandria, Nana"]
[Black "Kovalevskaya, Ekaterina"]
[Result "0-1"]
[WhiteElo "2350"]
[BlackElo "2370"]

1.d4 Nf6 2.c4 d6 3.Nc3 Nbd7 4.e4 e5 5.Nf3 g6 6.Be2 Bg7 7.O-O O-O 8.Be3 c6
9.d5 c5 10.Ne1 Ne8 11.g4 f5 12.f3 Qh4 13.Ng2 Qh3 14.f4 exf4 15.Bxf4 Bxc3
16.bxc3 fxe4 17.Qd2 Ndf6 18.Bh6 Rf7 19.g5 Ng4 20.Bxg4 Qxg4 21.Rxf7 Kxf7 22.Rf1+ Bf5
23.Qb2 b6 24.Qb5 Ke7 25.Qc6 Rc8 26.Qa4 Rc7 27.Re1 Kd8 28.h4 Rf7 29.Qc2 e3
30.Qb2 Qxc4 31.Nxe3 Qxh4 32.Qe2 Bd3 33.Qd2 Be4 34.Ng2 Bxg2 35.Kxg2 Qg4+ 36.Kh2 Rf3  0-1

[Event "Sala op"]
[Site "Sala"]
[Date "1995.??.??"]
[Round "6"]
[White "Mikita, Jozef"]
[Black "Hanko, Pavel"]
[Result "1/2-1/2"]
[WhiteElo "2240"]
[BlackElo "2225"]

1.d4 Nf6 2.c4 g6 3.Nc3 Bg7 4.e4 d6 5.Nf3 O-O 6.Be2 e5 7.O-O Nbd7 8.Re1 c6
9.Bf1 a5 10.Rb1 Re8 11.d5 Nc5 12.b3 Bd7 13.a3 b5 14.b4 axb4 15.axb4 Na4 16.Nxa4 bxa4
17.Ba3 cxd5 18.cxd5 Qb6 19.Nd2 Qd4 20.Nc4 Nxe4 21.Qxd4 exd4 22.Nb6 d3 23.Nxa8 d2
24.Bd3 dxe1=Q+ 25.Rxe1 Rxa8 26.Rxe4 Bf5 27.Re3 Bd4 28.Rf3 Re8 29.h3 Re1+
30.Kh2 Bxd3 31.Rxd3 Bxf2 32.b5 Rb1 33.Bxd6 Bg1+ 34.Kg3 Rxb5 35.Kf3 f5 36.Bc7 Rb3
37.Rxb3 axb3 38.Be5 Kf7 39.Ke2 Bh2 40.Bb2 Ke7 41.Kd3 Bb8 42.Kc4 Kd6 43.Kxb3 Kxd5
44.Kc2 Ke4 45.Kd2 Kf4 46.Ke2 Kg3 47.Kf1 f4 48.Bd4 f3 49.Bf2+ Kf4 50.Kg1 Ke4
51.Bc5 Bf4 52.Kf2  1/2-1/2

[Event "Sala op"]
[Site "Sala"]
[Date "1995.??.??"]
[Round "7"]
[White "Banas, Jan"]
[Black "Zambor, Norbert"]
[Result "0-1"]
[WhiteElo "2410"]
[BlackElo "2085"]

1.c4 Nf6 2.Nc3 g6 3.e4 d6 4.d4 Bg7 5.Be2 O-O 6.Nf3 e5 7.Be3 h6 8.O-O Ng4
9.Bc1 Nc6 10.d5 Ne7 11.Nd2 f5 12.b4 Nf6 13.f3 f4 14.c5 Ne8 15.Nc4 Rf7 16.a4 g5
17.Ba3 Ng6 18.a5 Bf8 19.c6 b6 20.axb6 axb6 21.Qb3 h5 22.Bb2 Rxa1 23.Rxa1 g4
24.Nb5 Qh4 25.Bf1 gxf3 26.Qxf3 Nf6 27.Nd2 Qg5 28.Ra3 Nh4 29.Qf2 Ng4 30.Nf3 Nxf3+
31.Qxf3 Ne3 32.Bc1 Bg4 33.Qf2 Bh6 34.Ra8+ Kg7 35.Ra7 Qd8 36.h3 Bg5 37.hxg4 Bh4
38.Qf3 hxg4 39.Nxc7 Kg6 40.Ra8 gxf3 41.Rxd8 f2+  0-1

[Event "Sala op"]
[Site "Sala"]
[Date "1995.??.??"]
[Round "9"]
[White "Valach, Boris"]
[Black "Chmelik, Lukas"]
[Result "0-1"]
[WhiteElo "2090"]
[BlackElo "2330"]

1.d4 Nf6 2.c4 g6 3.Nc3 Bg7 4.e4 d6 5.Be2 O-O 6.Nf3 e5 7.d5 a5 8.Bg5 h6 9.Bh4 Qe8
10.Nd2 Na6 11.O-O Bd7 12.b3 Nh7 13.a3 h5 14.f3 Bh6 15.Bf2 f5 16.Rb1 Qe7 17.Qc2 f4
18.Rfc1 g5 19.Qd1 Kh8 20.b4 axb4 21.axb4 Rg8 22.c5 g4 23.cxd6 cxd6 24.Bb6 Qh4
25.Bb5 Bc8 26.Rc2 g3 27.Nc4 Qxh2+ 28.Kf1 Bf8 29.Bg1 Qh1 30.Nb6 Rb8 31.Nxc8 Rxc8
32.Bd7 Rc4 33.Ne2 Rxb4 34.Rxb4 Nxb4 35.Rb2 Rg7 36.Rxb4 Rxd7 37.Qc2 h4 38.Qc8 Rg7
39.Rc4 b5 40.Rb4 Ra7 41.Rb1 Ra2 42.Qg4 Rxe2 43.Kxe2 Qxg2+ 44.Kd3 h3 45.Bb6 Nf6
46.Qh4+ Kg7 47.Rc1 Qxf3+ 48.Kc2 Nxe4 49.Kb2 Kg6 50.Rc7 Bg7 51.Qe7 Qe2+ 52.Ka1 Bf6
53.Qh7+ Kg5 54.Qxh3 Qe1+ 55.Kb2 Qd2+ 56.Ka1 Nf2 57.Qe6 e4+ 58.Qxf6+  0-1

[Event "Salta Clarin op"]
[Site "Salta"]
[Date "1995.??.??"]
[Round "3"]
[White "Hoffman, Alejandro"]
[Black "Tempone, Marcelo"]
[Result "1/2-1/2"]
[WhiteElo "2495"]
[BlackElo "2435"]

1.d4 Nf6 2.c4 g6 3.Nc3 Bg7 4.e4 d6 5.Nf3 O-O 6.Be2 e5 7.O-O Qe8 8.dxe5 dxe5
9.Be3 Nbd7 10.Nd2 Qe7 11.Qc2 c6 12.Nb3 Ne8 13.Rad1 Nc7 14.Bg4 Ne6 15.Bxe6 Qxe6
16.Nc5 Qe7 17.b4 Nb6 18.Qb3 Bg4 19.f3 Be6 20.Nxe6 Qxe6 21.Bxb6 axb6 22.Na4 Ra6
23.b5 cxb5 24.cxb5 Qxb3 25.axb3 Ra5 26.Rd5 Bh6 27.Kf2 Rc8 28.Re1 Bf8 29.Rxe5 Bc5+
30.Nxc5  1/2-1/2

[Event "San Francisco op"]
[Site "San Francisco"]
[Date "1995.??.??"]
[Round "?"]
[White "Watson, John L"]
[Black "Haines, Robert"]
[Result "1-0"]
[WhiteElo "2395"]
[BlackElo "2225"]

1.d4 g6 2.c4 Bg7 3.Nc3 d6 4.e4 Nd7 5.Nf3 e5 6.Be2 Ngf6 7.O-O O-O 8.Be3 Re8
9.d5 Ng4 10.Bg5 f6 11.Bd2 c5 12.dxc6 bxc6 13.Ne1 f5 14.exf5 gxf5 15.Bxg4 fxg4
16.Ne4 Nf6 17.Bg5 d5 18.cxd5 Ba6 19.Bxf6 Bxf6 20.Qxg4+ Kh8 21.dxc6 Bxf1 22.Kxf1 Rg8
23.Qf3 Rf8 24.Rd1  1-0

[Event "BRA-chT"]
[Site "San Jose do Rio Preto"]
[Date "1995.??.??"]
[Round "5"]
[White "Trois, Francisco RT"]
[Black "Mecking, Henrique"]
[Result "1/2-1/2"]
[WhiteElo "2345"]
[BlackElo "2560"]

1.Nf3 Nf6 2.c4 g6 3.Nc3 Bg7 4.e4 d6 5.d4 O-O 6.Be2 e5 7.Be3 Ng4 8.Bg5 f6
9.Bc1 Nc6 10.O-O f5 11.d5 Ne7 12.b4 Nf6 13.Bg5 Nxe4 14.Nxe4 fxe4 15.Nd2 h6
16.Bxe7 Qxe7 17.Nxe4 Bf5 18.f3 h5 19.Qd2 Bxe4 20.fxe4 Kh7 21.Rxf8 Rxf8 22.Rf1 Bh6
23.Qc3 Rxf1+ 24.Kxf1 Qh4 25.Qg3 Qxe4 26.Bd3 Qf4+ 27.Qxf4 Bxf4 28.g3 Bd2 29.b5 Kg7
30.Ke2 Bb4 31.Be4 Kf6 32.Kf3 a5 33.bxa6 bxa6 34.Bc2 Kg5 35.h3 Be1 36.Be4 Kf6
37.Bc2 a5 38.a4 g5 39.Be4 Bb4 40.Bh7 Bc3 41.Be4 Be1 42.Bh7 e4+ 43.Bxe4 Ke5
44.Bg6 h4  1/2-1/2

[Event "San Luis Clarin GP"]
[Site "San Luis"]
[Date "1995.??.??"]
[Round "2"]
[White "Sorokin, Maxim"]
[Black "Malbran, Guillermo"]
[Result "1-0"]
[WhiteElo "2535"]
[BlackElo "2335"]

1.Nf3 Nf6 2.d4 g6 3.c4 Bg7 4.Nc3 O-O 5.e4 d6 6.Be2 e5 7.dxe5 dxe5 8.Qxd8 Rxd8
9.Bg5 Rf8 10.Nxe5 Nxe4 11.Nxe4 Bxe5 12.O-O-O Na6 13.Nf6+ Kg7 14.Ng4 Bxg4
15.Bxg4 Bf6 16.Be3 Rad8 17.a3 b6 18.b4 c5 19.b5 Nc7 20.Rxd8 Rxd8 21.Rd1 Bd4
22.Bf4 Ne6 23.Bxe6 fxe6 24.Be5+ Kf7 25.Kc2 Ke7 26.Bxd4 cxd4 27.f4 Kf6 28.Kd3 g5
29.fxg5+ Kxg5 30.Ke4 e5 31.Kxe5 Re8+ 32.Kd6 Re3 33.Rxd4 Rxa3 34.g3 Ra2 35.Rh4 h5
36.Kc7 Ra3 37.Kb7 Ra5 38.Kb8 Ra3 39.Rd4 Ra2 40.h4+ Kf5 41.Rd7 Ra4 42.Rxa7 Rxc4
43.Rg7 Kf6 44.Rg5  1-0

[Event "San Luis Clarin GP"]
[Site "San Luis"]
[Date "1995.??.??"]
[Round "7"]
[White "Slipak, Sergio"]
[Black "Quinteros, Miguel A"]
[Result "1-0"]
[WhiteElo "2450"]
[BlackElo "2505"]

1.d4 Nf6 2.c4 g6 3.Nc3 Bg7 4.e4 d6 5.Nf3 O-O 6.Be2 e5 7.d5 a5 8.Bg5 h6 9.Bh4 Na6
10.Nd2 Bd7 11.O-O Qe8 12.a3 Nh7 13.Kh1 h5 14.f3 Bf6 15.Bf2 h4 16.Rb1 a4 17.Nb5 Bg5
18.b4 axb3 19.Rxb3 Qe7 20.c5 Nxc5 21.Bxc5 dxc5 22.Nxc7 Ba4 23.Nxa8 Rxa8 24.Bb5 Bxb3
25.Nxb3 b6 26.a4 Nf6 27.Nd2 Bxd2 28.Qxd2 Rd8 29.Bc6 Ne8 30.Qb2 h3 31.Qxb6 hxg2+
32.Kxg2 Nf6 33.a5 Nh5 34.a6 Qg5+ 35.Kh1 Kg7 36.Qxd8 Qxd8 37.a7 Qh4 38.a8=Q Ng3+
39.Kg2 Nxf1 40.Kxf1 Qxh2 41.Qa6 Qh1+ 42.Kf2 Qh2+ 43.Ke3 Qg1+ 44.Kd2 Qf2+
45.Qe2 Qd4+ 46.Kc2 Qb4 47.Bb5 Qa3 48.Bc4  1-0

[Event "San Salvador zt"]
[Site "San Salvador"]
[Date "1995.??.??"]
[Round "?"]
[White "Guevara, Mario"]
[Black "Santa, Luis A"]
[Result "1-0"]
[WhiteElo "2260"]
[BlackElo "2285"]

1.d4 Nf6 2.c4 g6 3.Nc3 Bg7 4.e4 d6 5.Nf3 O-O 6.Be2 e5 7.dxe5 dxe5 8.Qxd8 Rxd8
9.Bg5 Nbd7 10.O-O-O Rf8 11.Nd5 c6 12.Ne7+ Kh8 13.Rd6 Nc5 14.Bxf6 Bxf6 15.Rxf6 Nxe4
16.Rxc6 bxc6 17.Nxc6 f6 18.Rf1 a5 19.Ne7 Be6 20.Nd2 Nxd2 21.Kxd2 Rfd8+ 22.Kc3 e4
23.Rd1 Rxd1 24.Bxd1 Kg7 25.Nc6 Ra6 26.Nd4 f5 27.Be2 Kf6 28.c5 Ra8 29.Bc4 Bxc4
30.Kxc4 f4 31.c6 Ke5 32.Kc5 e3 33.fxe3 fxe3 34.b3 h5 35.a3 g5 36.b4 axb4
37.axb4 Ra1 38.Nf3+ Kf4 39.c7 g4 40.Nd4 Ke4 41.Ne2 Kd3 42.c8=Q Kxe2 43.Kd4 Re1
44.Qf5 Rd1+ 45.Ke4 Rd8 46.Qxh5 Kd2 47.Qg5 Re8+ 48.Kd4  1-0

[Event "Santa Cruz de la Palma op"]
[Site "Santa Cruz"]
[Date "1995.??.??"]
[Round "?"]
[White "Franco Ocampo, Zenon"]
[Black "Todorcevic, Miodrag"]
[Result "0-1"]
[WhiteElo "2490"]
[BlackElo "2460"]

1.d4 g6 2.c4 Bg7 3.Nf3 d6 4.e4 Nd7 5.Nc3 e5 6.Be2 Ngf6 7.O-O O-O 8.Qc2 a6
9.Rd1 exd4 10.Nxd4 Re8 11.f3 Qe7 12.Kh1 c6 13.Bg5 h6 14.Bh4 Nb6 15.Bf1 c5
16.Nb3 Be6 17.Nd5 Bxd5 18.cxd5 g5 19.Bf2 Nbd7 20.a4 Ne5 21.Nd2 Rab8 22.a5 Nh5
23.g3 Qf6 24.Be2 Qg6 25.Rg1 Nf6 26.Qb1 g4 27.f4 Nf3 28.Nxf3 Nxe4 29.Be1 gxf3
30.Bxf3 b6 31.axb6 Rxb6 32.Rg2 Rb3 33.Qd1 Re3 34.Rxa6 Rd3 35.Qa4 Nf6 36.Ra8 Rxa8
37.Qxa8+ Kh7 38.Be2 Re3 39.Qa1 Qe4 40.Qd1 Nxd5 41.Bd2 f5 42.Bb5 c4 43.Bd7 Rd3
44.Qe2 Nf6 45.Bc8 d5 46.h3 Kg6 47.Kh2 h5 48.Qf2 Qe8 49.Qc5 Ne4 50.Qb6+ Bf6
51.Qb8 Kh6 52.Ba5 Qg6 53.Be1 Re3 54.Qb4 c3 55.Bxf5 Qxf5 56.Qf8+ Kg6 57.Qg8+ Bg7
58.Bxc3 Nxc3 59.bxc3 Rxc3 60.Qe8+ Kh7 61.Qe2 d4 62.Qf2 d3 63.g4 Qc5 64.Qf3 Qc6
65.Qe3 Qd5 66.g5 Rc2 67.g6+ Kg8 68.Rd2 Rxd2+ 69.Qxd2 Bf6  0-1

[Event "Sarospatak op"]
[Site "Sarospatak"]
[Date "1995.??.??"]
[Round "?"]
[White "Sinkovics, Peter"]
[Black "Klemanic, Emil"]
[Result "1-0"]
[WhiteElo "2410"]
[BlackElo "2220"]

1.d4 d6 2.e4 Nd7 3.c4 Ngf6 4.Nc3 e5 5.Nf3 g6 6.Be2 Bg7 7.O-O O-O 8.Be3 Re8
9.d5 a5 10.Nd2 b6 11.a3 Rf8 12.b4 Ne8 13.Nb3 f5 14.f3 f4 15.Bf2 g5 16.c5 a4
17.Nd2 bxc5 18.Nxa4 cxb4 19.axb4 h5 20.Nc4 Qf6 21.b5 Rf7 22.b6 cxb6 23.Naxb6 Nxb6
24.Nxb6 Rxa1 25.Qxa1 Bb7 26.Qa4 Qd8 27.Rc1 Bf8 28.Bb5 Nf6 29.Kh1 g4 30.Nc4 Nh7
31.Na5 g3 32.Bg1 gxh2 33.Bf2 Bc8 34.Nc6 Qg5 35.Kxh2 Rg7 36.Bf1 Bd7 37.Qa8 Nf6
38.Rb1 Ng4+ 39.Kg1 Ne3 40.Rb8 Rf7 41.Nd8 Rf6 42.Ne6 Qh6 43.Bh4 Bxe6 44.Bxf6 Qxf6
45.dxe6 Nxf1 46.Kxf1 Kg7 47.Rb7+ Kg6 48.Qe8+  1-0

[Event "Schwaebisch Gmuend op"]
[Site "Schwaebisch Gmuend"]
[Date "1995.??.??"]
[Round "?"]
[White "Ivanov, Mikhail M"]
[Black "Pribyl, Martin"]
[Result "1/2-1/2"]
[WhiteElo "2450"]
[BlackElo "2335"]

1.Nf3 Nf6 2.c4 g6 3.Nc3 Bg7 4.e4 d6 5.d4 O-O 6.Be2 e5 7.d5 Nh5 8.g3 h6 9.Be3 Qe7
10.Nd2 Nf6 11.g4 Nh7 12.Rg1 Kh8 13.Nf3 f5 14.gxf5 gxf5 15.exf5 Bxf5 16.Qd2 Qf6
17.O-O-O Nd7 18.Rg3 Rf7 19.Bd3 Bxd3 20.Qxd3 Nc5 21.Qd2 e4 22.Bd4 Qe7 23.Rxg7 Rxg7
24.Qe3 Re8 25.Bxg7+ Qxg7 26.Nd4 Re5 27.Kb1 Nf6 28.a3 Qg5 29.Qh3 Nd3 30.Qc8+ Re8
31.Qxc7 Nxf2 32.Re1 Nd3 33.Rd1 Nf2 34.Re1 Nd3 35.Rd1 Nf2  1/2-1/2

[Event "Schwaebisch Gmuend op"]
[Site "Schwaebisch Gmuend"]
[Date "1995.??.??"]
[Round "?"]
[White "Schlosser, Philipp"]
[Black "Hasecic, Sabahudin"]
[Result "1-0"]
[WhiteElo "2505"]
[BlackElo "2310"]

1.d4 Nf6 2.Nf3 g6 3.c4 Bg7 4.Nc3 O-O 5.e4 d6 6.Be2 e5 7.d5 a5 8.h3 Na6 9.Bg5 h6
10.Be3 Nc5 11.Nd2 Ne8 12.g4 f5 13.exf5 gxf5 14.Rg1 Kh8 15.g5 e4 16.Nb3 Qe7
17.Nxc5 dxc5 18.Qd2 a4 19.a3 Bd7 20.O-O-O Qd6 21.Bf4 Be5 22.Bxe5+ Qxe5 23.Qe3 b6
24.f4 Qg7 25.d6 c6 26.h4 Ra7 27.Rd2 Rg8 28.Kb1 Nf6 29.Rc1 Nh7 30.Bd1 Nf8
31.Nxa4 Rb7 32.Nc3 Ne6 33.Ne2 Rd8 34.Ng3 Rf8 35.Nh5 Qg6 36.Qc3+ Nd4 37.Rxd4 cxd4
38.Qxd4+ Kh7 39.Nf6+ Rxf6 40.gxf6 c5 41.Qe5 Qf7 42.Bh5 Qe6 43.Rg1  1-0

[Event "Schwaebisch Gmuend op"]
[Site "Schwaebisch Gmuend"]
[Date "1995.??.??"]
[Round "?"]
[White "Gebhardt, Ulrich"]
[Black "Fietz, Harald"]
[Result "0-1"]
[WhiteElo "2230"]
[BlackElo "2235"]

1.d4 Nf6 2.c4 g6 3.Nc3 Bg7 4.e4 d6 5.Be2 O-O 6.Nf3 e5 7.d5 a5 8.Bg5 Na6 9.Nd2 Nc5
10.g4 c6 11.h4 Qb6 12.Rb1 Nxg4 13.Bxg4 Nd3+ 14.Ke2 Nxf2 15.Qg1 Bxg4+ 16.Nf3 Bxf3+
17.Kxf3 f5 18.Ke2 Qd4 19.Qxf2 Qxc4+ 20.Kd2 fxe4 21.Qe3 Rf3 22.Qxe4 Rxc3  0-1

[Event "Schwaebisch Gmuend op"]
[Site "Schwaebisch Gmuend"]
[Date "1995.??.??"]
[Round "?"]
[White "Steinmacher, Josef"]
[Black "Panzalovic, Srdjan"]
[Result "0-1"]
[WhiteElo "2100"]
[BlackElo "2405"]

1.d4 Nf6 2.c4 g6 3.Nc3 Bg7 4.e4 d6 5.Nf3 O-O 6.Be2 e5 7.O-O exd4 8.Nxd4 Re8
9.f3 c6 10.Qd2 Nh5 11.Rd1 Nd7 12.Bf1 Ne5 13.Qf2 Qe7 14.Be3 f5 15.Nc2 f4 16.Bd4 b6
17.b4 Be6 18.c5 dxc5 19.bxc5 b5 20.a4 a6 21.axb5 axb5 22.Nb4 Qc7 23.Qb2 Rxa1
24.Qxa1 g5 25.Qa6 g4 26.Be2 gxf3 27.gxf3 Nxf3+ 28.Bxf3 Bxd4+ 29.Kh1 Bxc3
30.Bxh5 Qe5 31.Bf3 Bxb4 32.Qxc6 Rc8 33.Qb7 Bxc5  0-1

[Event "Schwaebisch Gmuend op"]
[Site "Schwaebisch Gmuend"]
[Date "1995.??.??"]
[Round "?"]
[White "Schlosser, Philipp"]
[Black "Panzalovic, Srdjan"]
[Result "1-0"]
[WhiteElo "2505"]
[BlackElo "2405"]

1.c4 Nf6 2.Nf3 g6 3.Nc3 Bg7 4.e4 d6 5.d4 O-O 6.Be2 e5 7.d5 a5 8.h3 Na6 9.Bg5 h6
10.Be3 Nc5 11.Nd2 Nh7 12.h4 f5 13.h5 g5 14.exf5 e4 15.g4 Nf6 16.Nb3 Nxg4
17.Bxc5 dxc5 18.Bxg4 a4 19.Nxc5 a3 20.N3xe4 axb2 21.Rb1 Bxf5 22.Bxf5 Rxf5
23.O-O Ra3 24.Ne6 Qe7 25.Re1 Be5 26.N4c5 Bh2+ 27.Kg2 Qf6 28.Ne4 Qf7 29.Kxh2 Rff3
30.Kg1 g4 31.Rxb2 Qxh5 32.Rb3  1-0

[Event "Asia-chT"]
[Site "Singapore"]
[Date "1995.??.??"]
[Round "1"]
[White "Ali, Mahmoud"]
[Black "Saltaev, Mihail"]
[Result "0-1"]
[WhiteElo "2230"]
[BlackElo "2520"]

1.d4 Nf6 2.c4 d6 3.Nc3 Nbd7 4.e4 e5 5.Nf3 g6 6.Be2 Bg7 7.O-O O-O 8.Re1 c6
9.Bf1 Qe7 10.Bg5 h6 11.Bh4 Re8 12.Qd2 g5 13.Bg3 Nh5 14.dxe5 dxe5 15.Rad1 Nf8
16.Qd6 Qxd6 17.Rxd6 Nxg3 18.hxg3 Be6 19.Red1 Ng6 20.Be2 Bf8 21.R6d2 a6 22.a3 b5
23.Nh2 Rec8 24.Ng4 b4 25.axb4 Bxb4 26.Ne3 a5 27.Ra1 Kh7 28.Ra4 Rab8 29.Ra2  0-1

[Event "Asia-chT"]
[Site "Singapore"]
[Date "1995.??.??"]
[Round "2"]
[White "Barus, Cerdas"]
[Black "Mariano, Nelson"]
[Result "0-1"]
[WhiteElo "2410"]
[BlackElo "2510"]

1.d4 Nf6 2.c4 g6 3.Nc3 Bg7 4.e4 d6 5.Be2 O-O 6.Nf3 e5 7.Be3 Ng4 8.Bg5 f6
9.Bh4 c6 10.d5 Kh8 11.Nd2 Nh6 12.a3 g5 13.Bg3 f5 14.exf5 Nxf5 15.Nde4 Nd4
16.Bd3 Bf5 17.O-O Na6 18.Re1 cxd5 19.Nxd5 Rc8 20.Rc1 Bg6 21.b4 Nc7 22.Nxc7 Rxc7
23.h3 b6 24.Nc3 Nf5 25.Bh2 Rcf7 26.Be4 Qf6 27.Bd5 Rc7 28.Ne4 Qe7 29.Rc3 Nd4
30.Rd3 Bxe4 31.Rxe4 Qf6 32.Bg3 Qg6 33.f3 Rfc8 34.Qa4 g4 35.hxg4 b5 36.cxb5 Ne2+
37.Kf2 Rc2 38.b6 Nf4+ 39.Rd2 Rxd2+ 40.Ke1 axb6 41.Kxd2 Nxd5 42.Qd7 Qe8 43.Qxe8+ Rxe8
44.Rc4 Ra8 45.Bh4 Bf8 46.g3 b5 47.Re4 Rxa3 48.f4 Bg7 49.Re1 Kg8 50.f5 h6
51.Bd8 e4  0-1

[Event "Asia-chT"]
[Site "Singapore"]
[Date "1995.??.??"]
[Round "4"]
[White "Safin, Shukhrat"]
[Black "Barcenilla, Rogelio"]
[Result "0-1"]
[WhiteElo "2455"]
[BlackElo "2455"]

1.d4 Nf6 2.c4 g6 3.Nc3 Bg7 4.e4 d6 5.Nf3 O-O 6.Be2 e5 7.d5 a5 8.h3 Na6 9.Bg5 Qe8
10.g4 Bd7 11.Qd2 Nc5 12.Qe3 Kh8 13.Rg1 Ng8 14.Qd2 a4 15.Be3 b6 16.Qc2 f5
17.exf5 gxf5 18.Nd2 Na6 19.gxf5 Nb4 20.Qc1 Bxf5 21.Nde4 Nf6 22.a3 Nxe4 23.Nxe4 Bxe4
24.axb4 Bf6 25.Bg4 Bh4 26.Qd2 Qg6 27.Ke2 Qf6 28.f4 Rae8 29.Raf1 Bxd5 30.cxd5 exf4
31.Be6 fxe3 32.Rxf6 exd2 33.Rxf8+ Rxf8 34.Kxd2 h6 35.b5 Rf2+ 36.Kc3 Rf4 37.Rg4 Bf6+
38.Kc2 Rf2+ 39.Kd3 Rxb2 40.Rxa4 Rxb5 41.Rc4 Rb1 42.Kc2 Rb2+ 43.Kc1 b5 44.Rxc7 b4
45.Rc2 Rb3 46.Rc6 Be5 47.Rb6 Rc3+ 48.Kd2 b3 49.Rb7 Rg3 50.Bf5 b2 51.Ke2 Rg5
52.Be6 h5 53.Kf3 Rg7 54.Rb4 Rg6 55.Rb8+ Kh7 56.Bf5 Kg7 57.Kf2 Bd4+ 58.Ke2 Bf6
59.Bc2  0-1

[Event "Sitges op"]
[Site "Sitges"]
[Date "1995.??.??"]
[Round "3"]
[White "Aoiz, Jose J"]
[Black "Ponce Navalon, Jose"]
[Result "1-0"]
[WhiteElo "2300"]
[BlackElo "2175"]

1.d4 Nf6 2.c4 g6 3.Nc3 Bg7 4.e4 d6 5.Be2 O-O 6.Nf3 e5 7.d5 a5 8.O-O Na6 9.Qc2 Bd7
10.Bg5 h6 11.Bxf6 Qxf6 12.a3 g5 13.Nd2 Qg6 14.g4 Qf6 15.Bf3 h5 16.h3 Rfb8
17.Kg2 h4 18.b3 Bf8 19.Be2 Qd8 20.Rfd1 Be7 21.Nf1 Qe8 22.Nb5 Bd8 23.Ne3 f6
24.Nf5 Qf8 25.Nc3 Qe8 26.Rdb1 b6 27.Nb5 Bc8 28.b4 Qf8 29.Qd2 Bd7 30.Bd1 Rb7
31.Ba4 Nb8 32.Qc2 Bxb5 33.Bxb5 Rba7 34.Qc3 Kh7 35.Rc1 Be7 36.Qe1 Qd8 37.f4 gxf4
38.Qxh4+ Kg8 39.Qh5 Bf8 40.Be8 c5  1-0

[Event "Sitges op"]
[Site "Sitges"]
[Date "1995.??.??"]
[Round "3"]
[White "Sole Fabregat, S."]
[Black "Vidarte Morales, Arturo"]
[Result "0-1"]
[WhiteElo "2290"]
[BlackElo "2355"]

1.d4 Nf6 2.Nf3 g6 3.c4 Bg7 4.Nc3 O-O 5.e4 d6 6.Be2 Na6 7.O-O e5 8.d5 Nc5
9.Nd2 a5 10.b3 Bh6 11.Qc2 Ne8 12.a3 f5 13.Nf3 Bxc1 14.Raxc1 fxe4 15.Nxe4 Bf5
16.Nfd2 Qh4 17.Bd3 Bxe4 18.Bxe4 a4 19.b4 Nb3 20.g3 Qg4 21.f3 Qg5 22.Nxb3 Qe3+
23.Kg2 axb3 24.Qb2 Nf6 25.Rfe1 Qd4 26.Qxd4 exd4 27.Ra1 Rfe8 28.a4 d3 29.a5 Nxe4
30.fxe4 b6 31.a6 d2 32.Red1 Rxe4 33.Rxd2 Rxc4 34.b5 Rb4  0-1